00384nam a2200157Ia 45000010006000000050017000060080041000230410008000640820016000721000033000882450053001212600009001743000027001836500008002106540008002181804220260306171601.0260306s9999||||xx |||||||||||||| ||und|| aESP a658.4bA156 aAmo Baraybar, FranciscoeAUT 0aEl cuadro de mando integral:bbalanced scorecard c2010 a81 páginas :c30 cm. aGEN aCAN